00528nam a22002291 4500001000900000003000900009005001700018007001000035008002000045016001600065017000900081035000600090040002200096080000600118245004300124260004200167300002700209490002200236650001200258700000600270830002200276 1458862DO-SdBNP20160414135030.0 1458862990501s19uu dr 7 a z 2BPMSU a b  a  aBPMSUbspacBPMSU 0a 10aSonata libro de lectura segundo grado  aSanto Domingo : bSantillana,c[190?] a144 p.: bil. ;c27 cm0 aEl Árbol Alegre 7a v 2  a  aEl Árbol Alegre